[Event "ODJM A 2014"]
[Site "Magdeburg GER"]
[Date "2014.06.08"]
[Round "1"]
[White "Laubrock, Paul"]
[Black "Kasel, Alexander"]
[Result "1-0"]
[Termination "normal"]
[Board "23"]
[WhiteElo "1779"]
[BlackElo "1498"]
[PlyCount "105"]
[WhiteFideId "1270509"]
[BlackFideId "12969982"]
[EventCountry "GER"]
[EventRounds "9"]
[EventType "swiss"]
[EventDate "2014.06.07"]

1. d4 Nf6 2. Nc3 d5 3. Bg5 Nbd7 4. Qd3 e6 5. e4 dxe4 6. Nxe4 Be7 7. Nxf6+ Nxf6
8. O-O-O Qd5 9. Qb5+ Qxb5 10. Bxb5+ Bd7 11. Bxd7+ Nxd7 12. Bxe7 Kxe7 13. Nf3
Rhe8 14. Rhe1 Kf8 15. Rd2 Rad8 16. c4 a6 17. Red1 c6 18. Ng5 Nf6 19. f3 b5 20.
b3 Re7 21. Kc2 Rb7 22. Rb1 bxc4 23. bxc4 Rxb1 24. Kxb1 c5 25. d5 exd5 26. cxd5
h6 27. Ne4 Rxd5 28. Rxd5 Nxd5 29. Nxc5 a5 30. Nb7 a4 31. Kb2 Ne3 32. Ka3 Nxg2
33. Kxa4 Nh4 34. f4 g5 35. fxg5 hxg5 36. Kb5 f5 37. Nd6 f4 38. Ne4 g4 39. a4
Nf5 40. a5 Ne7 41. a6 Nc8 42. Kc6 g3 43. hxg3 fxg3 44. Nxg3 Ke8 45. Kc7 Na7 46.
Ne4 Ke7 47. Nd6 Ke6 48. Nc8 Nb5+ 49. Kb6 Kd7 50. Ne7 Nc7 51. a7 Na8+ 52. Kb7
Kd6 53. Nc8+ 1-0

[Event "ODJM A 2014"]
[Site "Magdeburg GER"]
[Date "2014.06.08"]
[Round "1"]
[White "Möller, Hannah"]
[Black "Biefel, Christian"]
[Result "0-1"]
[Termination "normal"]
[Board "24"]
[WhiteElo "1577"]
[BlackElo "1774"]
[PlyCount "114"]
[WhiteFideId "1270514"]
[BlackFideId "24692646"]
[EventCountry "GER"]
[EventRounds "9"]
[EventType "swiss"]
[EventDate "2014.06.07"]

1. c4 c6 2. g3 d5 3. Bg2 Nf6 4. Nf3 Bg4 5. O-O Bxf3 6. Bxf3 e6 7. d3 Be7 8. Nd2
O-O 9. Rb1 Nbd7 10. b4 Qc7 11. b5 Rfc8 12. e4 Ne5 13. Qe2 Rd8 14. exd5 cxd5 15.
Bg2 dxc4 16. dxc4 Nfd7 17. Bb2 Bf6 18. Rfe1 Ng6 19. Bxf6 Nxf6 20. Ne4 Rd4 21.
Nxf6+ gxf6 22. Rbc1 Ne5 23. Red1 Rad8 24. Bf1 Qa5 25. Rxd4 Rxd4 26. c5 Rd2 27.
Qe4 Qa3 28. Rb1 Qxc5 29. Qf4 Rxa2 30. h3 Qd5 31. Bg2 Qd7 32. Qxf6 Ng6 33. Qf3
b6 34. Qf6 Rd2 35. Bc6 Qd3 36. Ra1 Rd1+ 37. Rxd1 Qxd1+ 38. Kg2 Qd6 39. Bb7 Qe5
40. Qd8+ Kg7 41. Bc6 Qc5 42. Qa8 Ne5 43. Be4 Qxb5 44. Qxa7 Qb2 45. Qb7 b5 46.
Qc7 b4 47. Kf1 Qd4 48. Qb7 Nc4 49. Bc2 Nd2+ 50. Ke1 Qc3 51. Kd1 Nf3 52. Kc1
Qa3+ 53. Kd1 Qa1+ 54. Ke2 Nd4+ 55. Kd2 Qc3+ 56. Kd1 Qxc2+ 57. Ke1 Qe2# 0-1

[Event "ODJM A 2014"]
[Site "Magdeburg GER"]
[Date "2014.06.08"]
[Round "1"]
[White "Wastian, Jan"]
[Black "Langer, Moritz"]
[Result "1-0"]
[Termination "normal"]
[Board "25"]
[WhiteElo "1647"]
[BlackElo "1470"]
[PlyCount "49"]
[WhiteFideId "12911640"]
[BlackFideId "12975281"]
[EventCountry "GER"]
[EventRounds "9"]
[EventType "swiss"]
[EventDate "2014.06.07"]

1. e4 c5 2. c3 d6 3. d4 cxd4 4. cxd4 Nf6 5. Nc3 Qc7 6. h3 e5 7. Nf3 exd4 8.
Nxd4 Nc6 9. Bg5 Be7 10. Nf5 Qd8 11. Bxf6 Bxf6 12. Nxd6+ Kf8 13. Be2 Nd4 14.
Nxc8 Rxc8 15. Bg4 Rc6 16. O-O g6 17. Nd5 Bg7 18. Qa4 h5 19. Bf3 Nxf3+ 20. gxf3
Qc8 21. Qa3+ Rc5 22. Rac1 b6 23. Rxc5 Qxc5 24. Rc1 Qxa3 25. Rc8# 1-0

[Event "ODJM A 2014"]
[Site "Magdeburg GER"]
[Date "2014.06.08"]
[Round "1"]
[White "Bossert, Felix"]
[Black "Heldt, Ronny"]
[Result "0-1"]
[Termination "normal"]
[Board "26"]
[WhiteElo "1531"]
[BlackElo "1802"]
[PlyCount "49"]
[WhiteFideId "12960977"]
[BlackFideId "12903973"]
[EventCountry "GER"]
[EventRounds "9"]
[EventType "swiss"]
[EventDate "2014.06.07"]

1. d4 e6 2. Nf3 f5 3. g3 Nf6 4. Bg2 a5 5. O-O b6 6. Ne5 Ra7 7. c4 Bb7 8. Bxb7
Rxb7 9. Nc3 Bb4 10. a3 Bxc3 11. bxc3 O-O 12. d5 d6 13. Nf3 e5 14. Nh4 Ne4 15.
f3 Nc5 16. Be3 Nbd7 17. Qc2 f4 18. Bxc5 Nxc5 19. Kg2 Qf6 20. Kf2 Rbb8 21. e4
fxe3+ 22. Kxe3 Qg5+ 23. Ke2 Rbe8 24. Kf2 e4 25. Rae1 0-1

[Event "ODJM A 2014"]
[Site "Magdeburg GER"]
[Date "2014.06.08"]
[Round "1"]
[White "Nahnsen, Kenneth"]
[Black "Vukojevic, Angelo"]
[Result "1-0"]
[Termination "normal"]
[Board "27"]
[WhiteElo "1729"]
[BlackElo "1448"]
[PlyCount "71"]
[WhiteFideId "12957119"]
[BlackFideId "12979546"]
[EventCountry "GER"]
[EventRounds "9"]
[EventType "swiss"]
[EventDate "2014.06.07"]

1. e4 c5 2. Nf3 Nc6 3. d4 cxd4 4. Nxd4 g6 5. Be3 Bg7 6. Nc3 Nf6 7. f3 O-O 8. g4
Qb6 9. Na4 Qa5+ 10. Nc3 Qb6 11. Na4 Qa5+ 12. c3 e5 13. Nxc6 dxc6 14. b4 Qc7 15.
Be2 Rd8 16. Qc2 h5 17. h3 Be6 18. Nc5 Qc8 19. Bg5 Re8 20. a4 a5 21. Nxe6 Qxe6
22. Qa2 Qe7 23. Qb3 Qc7 24. Kf2 Nd7 25. Be3 b6 26. Bc4 Rf8 27. gxh5 gxh5 28.
Rhg1 Kh7 29. Bxf7 Nf6 30. Bg6+ Kh8 31. Bf5 axb4 32. cxb4 Rad8 33. Rg6 Rf7 34.
Rag1 Rd6 35. Bh6 Bxh6 36. Rxh6+ 1-0

[Event "ODJM A 2014"]
[Site "Magdeburg GER"]
[Date "2014.06.08"]
[Round "1"]
[White "Cejda, Moritz"]
[Black "Lengler, Tim"]
[Result "1/2-1/2"]
[Termination "normal"]
[Board "28"]
[WhiteElo "1438"]
[BlackElo "1573"]
[PlyCount "106"]
[WhiteFideId "12925152"]
[BlackFideId "12936197"]
[EventCountry "GER"]
[EventRounds "9"]
[EventType "swiss"]
[EventDate "2014.06.07"]

1. e4 c5 2. c3 Nf6 3. e5 Nd5 4. d4 cxd4 5. cxd4 e6 6. Nf3 Bb4+ 7. Bd2 Nc6 8. a3
Ba5 9. b4 Bb6 10. Bc3 O-O 11. Bc4 Nce7 12. Bb2 Nc7 13. Nc3 d5 14. Bd3 Bd7 15.
O-O f5 16. Ne2 Ng6 17. Bc1 Rc8 18. Bg5 Qe8 19. Rc1 Ba4 20. Qd2 Nb5 21. Rxc8
Qxc8 22. h4 Rf7 23. h5 Nf8 24. Bxb5 Bxb5 25. Rc1 Rc7 26. Nc3 Be8 27. h6 gxh6
28. Bxh6 Ng6 29. Ng5 a5 30. Nf3 axb4 31. axb4 Rc4 32. Na2 Rxc1+ 33. Qxc1 Qxc1+
34. Nxc1 Bb5 35. Nb3 Bd8 36. Nc5 Be7 37. g3 b6 38. Nxe6 Bxb4 39. Ng7 Be2 40.
Kg2 Bd3 41. Nh5 Be7 42. Ng5 b5 43. Nf6+ Bxf6 44. exf6 Nh8 45. Kf3 b4 46. Ke3
Bc2 47. Kd2 b3 48. Kc3 Nf7 49. Nxf7 Kxf7 50. Bg7 Bd1 51. Kb2 f4 52. Kc1 fxg3
53. fxg3 Bf3 1/2-1/2

[Event "ODJM A 2014"]
[Site "Magdeburg GER"]
[Date "2014.06.08"]
[Round "1"]
[White "Hartmann, Jakob"]
[Black "Wagner, Swenja"]
[Result "0-1"]
[Termination "normal"]
[Board "29"]
[WhiteElo "1717"]
[BlackElo "1417"]
[PlyCount "106"]
[WhiteFideId "12918067"]
[BlackFideId "12900494"]
[EventCountry "GER"]
[EventRounds "9"]
[EventType "swiss"]
[EventDate "2014.06.07"]

1. e4 e5 2. Nf3 Nc6 3. Bc4 Nf6 4. d3 Bc5 5. O-O d6 6. c3 Bg4 7. Nbd2 O-O 8. h3
Bh5 9. Re1 Re8 10. Nf1 d5 11. exd5 Nxd5 12. Ng3 Bg6 13. Bg5 Qd7 14. Nh4 f6 15.
Bd2 Bf7 16. Nhf5 Kh8 17. Qf3 Rad8 18. Re2 Be6 19. Nh4 Na5 20. b4 Nxc4 21. dxc4
Nf4 22. Bxf4 exf4 23. Qxf4 Bd6 24. Qd4 Be5 25. Qxd7 Rxd7 26. c5 Bxc3 27. Rb1
Rde7 28. a3 Bf7 29. Rxe7 Rxe7 30. Rd1 Re1+ 31. Rxe1 Bxe1 32. Nf3 Bc3 33. Ne4
Bb2 34. a4 Bb3 35. a5 Ba3 36. Nfd2 Ba4 37. Nc3 Bxb4 38. Nde4 Bc6 39. Kf1 Bxa5
40. g4 Kg8 41. Ke2 Kf7 42. f4 Bxc3 43. Nxc3 a5 44. Kd3 a4 45. Kc4 b5+ 46. Nxb5
Bxb5+ 47. Kxb5 a3 48. Kc6 a2 49. Kxc7 a1=Q 50. c6 Qa7+ 51. Kd8 Qe7+ 52. Kc8 Ke6
53. c7 Kd6 0-1

[Event "ODJM A 2014"]
[Site "Magdeburg GER"]
[Date "2014.06.08"]
[Round "1"]
[White "Kovac, Laura"]
[Black "Maar, Samuel"]
[Result "0-1"]
[Termination "normal"]
[Board "30"]
[WhiteElo "1602"]
[BlackElo "1765"]
[PlyCount "58"]
[WhiteFideId "12938882"]
[BlackFideId "12952591"]
[EventCountry "GER"]
[EventRounds "9"]
[EventType "swiss"]
[EventDate "2014.06.07"]

1. e4 e5 2. Nf3 d6 3. Bc4 Be7 4. d3 Nf6 5. Nc3 O-O 6. O-O Nc6 7. a3 Bd7 8. Bd2
Qc8 9. Ne1 Ng4 10. h3 Nf6 11. f4 exf4 12. Bxf4 Ne5 13. Nd5 Nxd5 14. Bxd5 c6 15.
Ba2 Bxh3 16. gxh3 Qxh3 17. Bxe5 dxe5 18. Qf3 Bc5+ 19. Rf2 Bxf2+ 20. Qxf2 Kh8
21. Nf3 Qg4+ 22. Kf1 Rae8 23. Ke2 f5 24. Rg1 Qf4 25. Qg2 g6 26. Ng5 fxe4 27.
dxe4 Rd8 28. Ke1 Qe3+ 29. Qe2 Qxg1+ 0-1